Statistics for Hrvatski gradovi na slovo V

Click here to take the quiz!

General Stats

  • This quiz has been taken 117 times
  • The average score is 8 of 14

Answer Stats

Answer% Correct
Vukovar
97%
Varaždin
94%
Vinkovci
89%
Virovitica
75%
Vis
67%
Velika Gorica
61%
Valpovo
60%
Vodnjan
46%
Vrlika
41%
Vodice
38%
Vrbovec
35%
Vrgorac
34%
Vrbovsko
28%
Varaždinske Toplice
27%

Score Distribution

Percentile by Number Answered

Percent of People with Each Score

Your Score History

You have not taken this quiz